| 000 | 01905nam0a2200373 4500 | ||
|---|---|---|---|
| 001 | RU\NLR\BIBL_A\022649700 | ||
| 005 | 20260531060346.0 | ||
| 010 |
_a978-5-91723-260-7 _9500 |
||
| 021 |
_aRU _bКН-П-25-052670 _9КН-П-25-5082 |
||
| 035 | _a(NLR Aleph) 022649700 | ||
| 090 |
_a13506940 _c13506940 |
||
| 100 | _a20251021d2024 k y0rusy50 ca | ||
| 101 | 0 | _arus | |
| 102 | _aRU | ||
| 105 | _aah z 000yy | ||
| 181 | 0 |
_ai _baxxe |
|
| 182 | 0 | _an | |
| 200 | 1 |
_aУправление популяционным здоровьем сельскохозяйственных животных _eмонография _fН. В. Морозов, Е. П. Сисягина, О. В. Козыренко [и др.] _g(под общей редакцией члена-корреспондента РАН В. В. Сочнева) |
|
| 203 |
_aТекст _bвизуальный _cнепосредственный |
||
| 210 |
_aНижний Новгород _cБИКАР _d2024 |
||
| 215 |
_a212, [1] с. _cил., факс. табл. _d21 |
||
| 300 | _aНа обл. авт. не указаны | ||
| 320 | _aБиблиогр.: с. 162–202 (271 назв.) | ||
| 606 | 1 |
_aСельскохозяйственные животные _xЗдоровье _xОхрана _92691248 _3RU\NLR\AUTH\6601764201 |
|
| 686 | 1 | _aП528 | |
| 686 | 1 | _aП81 | |
| 701 | 1 |
_7ca _8rus _aМорозов _bН. В. _cканд. ветеринар. наук _gНиколай Владимирович _92690713 _3RU\NLR\AUTH\770287962 |
|
| 701 | 1 |
_aСисягина _bЕ. П. _gЕлена Павловна |
|
| 701 | 1 |
_aКозыренко _bО. В. _gОльга Вячеславовна |
|
| 702 | 1 |
_4340 _8rus _7ca _aСочнев _bВ. В. _f1935- _cд-р вет. наук, поэт _gВасилий Васильевич _3RU\NLR\AUTH\7728822 _911852 |
|
| 942 | _cBOOK | ||
| 980 | _aNB | ||